Nirnay Aani Jababdari (Marathi) (Record no. 50905)

MARC details
000 -LEADER
fixed length control field 00335nam a2200133Ia 4500
008 - FIXED-LENGTH DATA ELEMENTS--GENERAL INFORMATION
fixed length control field 220530s9999 xx 000 0 und d
041 ## - LANGUAGE CODE
Language code of text/sound track or separate title eng
082 ## - DEWEY DECIMAL CLASSIFICATION NUMBER
Classification number 891.46
Item number TEJ
100 ## - MAIN ENTRY--PERSONAL NAME
Personal name Tejparkhi Sirshree
9 (RLIN) 56056
245 ## - TITLE STATEMENT
Title Nirnay Aani Jababdari (Marathi)
260 ## - PUBLICATION, DISTRIBUTION, ETC. (IMPRINT)
Place of publication, distribution, etc. Pune
Name of publisher, distributor, etc. WOW Publication
300 ## - PHYSICAL DESCRIPTION
Extent 224 P
Other physical details PB
906 ## - LOCAL DATA ELEMENT F, LDF (RLIN)
a 28
b GB
Holdings
Withdrawn status Lost status Damaged status Not for loan Collection code Home library Current library Date acquired Vendor Cost, normal purchase price Full call number Barcode Date last seen Cost, replacement price Bill Date Koha item type Original Barcode
        Non Technical Cummins College of Engineering for Women Nagpur Cummins College of Engineering for Women Nagpur 24/02/2012 Vidharabha Stationers 140.00 891.46 CEWN-BK-3104 30/05/2022 112.00 30/05/2022 Books 003104